AMERYKANSKI TRAP - Statystyki

Ogólne statystyki
  • Ten quiz został rozwiązany 186 razy
  • Średni wynik to 6 z 27
Statystyki odpowiedzi
TYTUŁ RAPER % Poprawnych
"XO Tour Llif3" Lil Uzi Vert
88%
"goosebumps" Travis Scott
87%
"HUMBLE" Kendrick Lamar
85%
"WUNNA" Gunna
66%
"Hate Bein' Sober" Chief Keef
54%
"No Heart" 21 Savage
40%
"Ginseng Strip 2002" Yung Lean
38%
"On me" Lil Baby
34%
"HDMI" Bones
22%
"Pull Up" DaBaby
19%
"O Pana!" suicideboys
13%
"faygo dreams" 6dogs
12%
"Envy Me" Denzel Curry
9%
"Anonymous" Foreign Jay
9%
"gone" Ski Mask The Slump God
9%
"Bet" Octavian
8%
"I'm a real 1" YG
8%
"GANG BANG" Fredo Santana
7%
"MHM Freestyle" Lil Toe
5%
"P.I.S.T.O.L.A" Pistola
5%
"Amazing" UnoTheActivist
5%
"KENZO" Houdini
4%
"Cactus" Beam
3%
"Might Cop A Jag" Comethazine
3%
"Margiela" SSG Splurge
3%
"Trifflin" Cashout Ace
2%
"Freeze" Casper TNG
2%
Nie znaleziono quizów pasujących do podanych kryteriów
Rozkład punktacji
Procent ludzi z każdym wynikiem
Percentyl według liczby udzielonych odpowiedzi
Twoja historia wyników
Nie rozwiązałeś tego quizu